| 000 | 00799nam a22002531i 4500 | ||
|---|---|---|---|
| 001 | 134331 | ||
| 003 | ES-MaACL | ||
| 005 | 20231221210651.0 | ||
| 007 | t| | ||
| 008 | 070910s1977 xxk 00000 eng d | ||
| 020 | _a0-7293-0051-X | ||
| 020 | _a84-399-7965-7 | ||
| 080 | _a821.134.2 Valera, Juan 7 Pepita Jiménez.07 | ||
| 100 | 1 |
_aWhiston, James. _9116640 |
|
| 245 | 1 | 0 |
_aValera : _bPepita Jiménez / _c[by] James Whiston. |
| 260 |
_aLondon : _bGrant & Cutler, _c1977. |
||
| 300 |
_a81 p. ; _c20 cm. |
||
| 490 | 1 |
_aCritical guides to Spanish texts ; _v22 |
|
| 504 | _aBibliografía: p.[80]-81. | ||
| 600 | 1 | 4 |
_aValera, Juan, _d1824-1905. _tPepita Jiménez _9112643 |
| 830 | 1 |
_aCritical guides to Spanish texts ; _v22 _9183621 |
|
| 852 | 4 |
_aES-MaACL _jA-7811 |
|
| 999 |
_c134331 _d134331 |
||